| 000 | 00424nam a2200181Ia 4500 | ||
|---|---|---|---|
| 001 | 417 | ||
| 005 | 20260306140516.0 | ||
| 008 | 260306t1979||||xx |||||||||||||| ||spa|| | ||
| 041 | _aESP | ||
| 082 |
_a111.8 _bT69 |
||
| 100 |
_aTomás de Aquino (Santo) _eAUT |
||
| 245 | 0 | _aOpusculo sobre el ser y la esencia | |
| 260 | _c1979 | ||
| 300 |
_a107 páginas : _c |
||
| 650 | _aGEN | ||
| 654 | _aCHU | ||
| 942 |
_cLIB _dJUS _fJUS _2ddc _n |
||
| 999 |
_c417 _d417 |
||